Электрохимическое поведение висмута на ртутных и графитовых электродах, модифицированных золотом и платиной, и его определение методами вольтамперометрии в золоторудном минеральном сырье: автореферат диссертации на соискание ученой степени кандидата химических наук; спец. 02.00.02

Detalhes bibliográficos
Autor principal: Глызина Т. С. Татьяна Святославовна
Autor Corporativo: Томский политехнический университет (ТПУ) Кафедра физической и аналитической химии
Outros Autores: Колпакова Н. А. Нина Александровна (научный руководитель)
Resumo:Защита сост. 25.12.2009 г.
Idioma:russo
Publicado em: Томск, 2009
Assuntos:
Formato: Livro
KOHA link:https://koha.lib.tpu.ru/cgi-bin/koha/opac-detail.pl?biblionumber=174304

MARC

LEADER 00000nam0a2200000 4500
001 174304
005 20240125122558.0
035 |a (RuTPU)RU\TPU\book\189018 
090 |a 174304 
100 |a 20100126d2009 k y0rusy50 ca 
101 0 |a rus 
102 |a RU 
105 |a a dm 001zy 
200 1 |a Электрохимическое поведение висмута на ртутных и графитовых электродах, модифицированных золотом и платиной, и его определение методами вольтамперометрии в золоторудном минеральном сырье  |e автореферат диссертации на соискание ученой степени кандидата химических наук  |e спец. 02.00.02  |f Т. С. Глызина  |g Томский политехнический университет (ТПУ), Кафедра физической и аналитической химии ; науч. рук. Н. А. Колпакова 
210 |a Томск  |d 2009 
215 |a 23 с.  |c ил. 
300 |a Защита сост. 25.12.2009 г. 
320 |a Библиогр.: с. 21-23 (23 назв.). 
452 1 |0 (RuTPU)RU\TPU\book\188172  |t Электрохимическое поведение висмута на ртутных и графитовых электродах, модифицированных золотом и платиной, и его определение методами вольтамперометрии в золоторудном минеральном сырье  |o автореферат диссертации на соискание ученой степени кандидата химических наук  |o спец. 02.00.02  |f Т. С. Глызина  |g Томский политехнический университет (ТПУ), Кафедра физической и аналитической химии ; науч. рук. Н. А. Колпакова  |c Томск  |d 2009  |a Глызина, Татьяна Святославовна 
606 1 |a Электрохромизм  |2 stltpush  |3 (RuTPU)RU\TPU\subj\21021  |9 46073 
606 1 |a Висмут  |x Определение  |2 stltpush  |3 (RuTPU)RU\TPU\subj\2557  |9 31113 
610 1 |a электрохимическое поведение 
610 1 |a ртутные электроды 
610 1 |a графитовые электроды 
610 1 |a вольтамперометрия 
610 1 |a золоторудное минеральное сырье 
610 1 |a природные воды 
610 1 |a авторефераты диссертаций 
675 |a 544.65(04)  |v 3 
675 |a 546.87(04)  |v 3 
686 |a 02.00.02  |2 oksvnk 
700 1 |a Глызина  |b Т. С.  |c химик-технолог  |c старший преподаватель Томского политехнического университета, кандидат химических наук  |f 1975-  |g Татьяна Святославовна  |9 11539 
702 1 |a Колпакова  |b Н. А.  |g Нина Александровна  |4 727 
712 0 2 |a Томский политехнический университет (ТПУ)  |b Кафедра физической и аналитической химии  |c (1991- )  |3 (RuTPU)RU\TPU\col\376 
801 1 |a RU  |b 63413507  |c 20100126 
801 2 |a RU  |b 63413507  |c 20130809  |g RCR 
942 |c BK